000 00501nam a2200169 a 4500
005 20210223120956.0
008 991125s1962 bar 000 0 spa u
035 _aUPN01000010084
049 _aCG
050 4 _aHD52.5
_bH4.38
100 1 _aHeinritz, Stuart F.
245 1 4 _aLas compras :
_bprincipios y aplicaciones /
_cpor Stuart F. Heinritz ; tr. Manuel Scholz.
260 _aBarcelona, Esp. :
_bOmega,
_c1962.
300 _a574 p. :
_bil.
650 4 _aCOMPRAS INDUSTRIALES
_99699
905 _aLibro
999 _c10084
_d10084